| 000 | 00968cam a2200205 4500 | ||
|---|---|---|---|
| 001 | ABS64550 | ||
| 008 | 010917n2001 000 0 eng u | ||
| 035 | _a(Sirsi) u114613 | ||
| 100 | _aCirco, E. | ||
| 245 | _aYou've got to have a system | ||
| 260 | _c2001 | ||
| 490 |
_aEstates Gazette _v(0136) 8 September 2001, 163(1) |
||
| 520 | _aSelecting lease administration software that will be suitable for your company can be a bewildering process. For in the US market alone there are over fifteen different vendors to choose from. Stresses the importance of establishing exactly what kind of system your company requires before making a purchase. Provides a useful checklist of criteria users should consider when assessing a lease administration package. | ||
| 590 | _aABS | ||
| 650 | _aLEASE ADMINISTRATION SOFTWARE | ||
| 650 | _aGUIDANCE | ||
| 650 | _aSELECTION CRITERIA | ||
| 690 | _aMANAGEMENT-BUSINESS MANAGEMENT-INFORMATION MANAGEMENT | ||
| 942 | _n0 | ||
| 999 |
_c68280 _d68280 |
||